Statistiques concernant Chansons de Kaaris

Cliquez ici pour prendre le quiz!

Statistiques générales

  • Ce quiz a été pris 153 fois
  • Le résultat moyen est 32 sur 162

Statistiques - réponses

AlbumsTitres% Correct
Or NoirOr Noir
88%
Or NoirZoo
85%
2.7.0 Château NoirSE
79%
Or NoirBizon
74%
Oku GnakouriTchoin
71%
Le bruit de mon âmeSe-vrak
65%
Or Noir Part 2S.E.V.R.A.N
62%
Le bruit de mon âmeLe bruit de mon âme
61%
Or NoirBouchon de Liège
60%
DozoDozo
59%
Or Noir Part 2Chargé
57%
DozoDiarabi
57%
Or NoirParadis ou enfer
52%
Oku GnakouriBlow
49%
2.7.0 Château NoirChâteau noir
48%
Or Noir63
45%
DozoBling Bling
45%
2.7.0Goulag
44%
SVRApocalypse
43%
Or Noir Part 3Gun salute
43%
Or Noir Part 2Intro
41%
Or NoirL.E.F
41%
Double FuckDouble Fuck
40%
Or NoirJe bibi
40%
Oku GnakouriNador
40%
Or NoirCiroc
38%
Or NoirBinks
35%
Le bruit de mon âmeCrystal
34%
Or NoirDés le départ
33%
Or NoirMBM
33%
Or Noir Part 3Cigarette
32%
Oku GnakouriPoussière
30%
SVRTchalla
30%
Or Noir Part 3Octogone
29%
Double FuckC'est la base
28%
Double FuckTalsadoum
28%
Or NoirBébé
27%
Le bruit de mon âmeKadirov
27%
Or Noir Part 2Pablito
27%
Or Noir Part 2Sombre
27%
Double FuckTerrain
27%
Le bruit de mon âme80 ZETREI
26%
Le bruit de mon âmeLes oiseaux
26%
Or NoirPas de remède
26%
Or Noir2 et demi
25%
Or Noir Part 2A l'heure
25%
Or Noir Part 2A la barrière
23%
DozoFeghouli
23%
Le bruit de mon âmeComme Gucci Mane
22%
Le bruit de mon âmeMagnum
21%
2.7.0Illimité
20%
2.7.0NRV
20%
Double FuckPetit Velo
20%
Double FuckSinaloa
20%
Or NoirTu me connais
20%
Le bruit de mon âmeTrap
19%
Le bruit de mon âmeTripoli
19%
DozoVégéta
19%
Le bruit de mon âmeVie sauvage
19%
Oku Gnakouri4Matic
18%
Oku GnakouriBoyz N the Hood
18%
Le bruit de mon âmeEl Chapo
18%
Double FuckH
18%
Le bruit de mon âmeLe temps
18%
Or Noir Part 3Monsieur météo
17%
Le bruit de mon âmeFour
16%
2.7.0IRM
16%
2.7.0Réussite
16%
2.7.0Freestyle 2.7.0
15%
Or NoirPlus rien
15%
DozoVictoire
15%
Le bruit de mon âmeZone de transit
15%
Or Noir Part 3Chien de la casse
14%
2.7.0Deux Deux
14%
Oku GnakouriLe sang
14%
Le bruit de mon âmeMentalité cailleras
14%
2.7.0 Château NoirAkrapovic
13%
Oku GnakouriJack Uzi
13%
Or Noir Part 2Killé
13%
2.7.0Lumière
13%
SVRTu dois des sous
13%
Oku GnakouriChaos
12%
Or Noir Part 3Exo Planète
12%
Or Noir Part 2Je remplis l'sac
12%
Le bruit de mon âmeSituation
12%
Or Noir Part 3Aieaieouille
11%
SVRAngle mort
11%
Oku GnakouriBenz
11%
SVRC'est nous les O.G
11%
Double FuckD.K
11%
DozoKébra
11%
SVRLes abymes
11%
Double FuckOù sont les €
11%
Double FuckRecharge
11%
Le bruit de mon âmeVoyageur
11%
Double FuckAudemard m'a tue
10%
Oku GnakouriContact
10%
Double FuckFinition
10%
Or Noir Part 3Golf7 r
10%
DozoJe suis gninnin, je suis bien
10%
2.7.0Tout est prêt
10%
Double FuckBriller
9%
Or Noir Part 2Comment je fais
9%
Or Noir Part 3Détails
9%
2.7.0 Château NoirEquipage
9%
SVRFiché S
9%
2.7.0Five O
9%
Double FuckGringo
9%
Or Noir Part 2Juste
9%
Or Noir Part 3Livraison
9%
2.7.0Mandalorian
9%
DozoMarchand d'ivoire
9%
2.7.0Piquée
9%
2.7.0 Château NoirRosé
9%
SVRShooter
9%
Double FuckTieks
9%
Oku Gnakouri2 Bigos
8%
SVRBBL
8%
Double FuckDémarrage Hold Up
8%
DozoÊtre deux
8%
Oku GnakouriJ'suis perché
8%
2.7.0 Château NoirPégase
8%
2.7.01er coeur
7%
Or Noir Part 3Briganté
7%
DozoRPG
7%
2.7.0Ultra
7%
Or Noir Part 3Débrouillard
6%
Or Noir Part 3Dévalisé
6%
2.7.0Moula Moula
6%
2.7.0Sosa
6%
Oku Gnakouri2.7 Zéro 10. 17
5%
2.7.0Big Riska
5%
2.7.0Bope
5%
Or Noir Part 3Ça on la
5%
DozoCourez
5%
2.7.0Guedro
5%
Or Noir Part 3Key less
5%
DozoMenace
5%
2.7.0 Château NoirMonte Carlo
5%
DozoMood
5%
DozoOublier
5%
SVRSur le banc
5%
Oku GnakouriT'étais où
5%
2.7.0 Château Noir2363
4%
Or Noir Part 3Comme un refrain
4%
Or Noir Part 3Douane
4%
SVRGoudronné
4%
2.7.0 Château NoirRif
4%
2.7.0Valhalla
4%
Or Noir Part 3Zumba noir
4%
2.7.0 Château NoirMerci
3%
Or Noir Part 3Plans
3%
Or Noir Part 3Tauro
3%
2.7.0 Château NoirTop
3%
Or Noir Part 3After
2%
SVRBalistique
2%
DozoPas idée
2%
Or Noir Part 3Tout était écrit
2%
SVRBarillet
1%
Or Noir Part 3Guzman
1%
SVRKing Von
1%
SVRTous les jours
1%

Distribution des résultats

Percentile par nombre de réponses

% des personnes avec chaque résultat

Votre développement - résultats

Vous n’avez pas pris ce quiz